[Event "ESP-ch rapid"]
[Site "Linares"]
[Date "2019.08.24"]
[Round "5"]
[White "Ljubojevic, Ljubomir"]
[Black "Lopez Mulet, Inigo"]
[Result "0-1"]
[WhiteElo "2571"]
[BlackElo "2397"]
[PlyCount "244"]
[EventDate "2019.08.24"]
[EventType "swiss (rapid)"]
[EventRounds "9"]
[EventCountry "ESP"]
[SourceTitle "EXT 2020"]
[Source "ChessBase"]
[SourceDate "2019.10.17"]
[SourceVersion "1"]
[SourceVersionDate "2019.10.17"]
[SourceQuality "1"]

1. c4 e5 2. Nc3 Bb4 3. Nd5 Bc5 4. e3 c6 5. Nc3 Qe7 6. a3 d6 7. Qc2 Nf6 8. Nge2 0-0 9. Ng3 Be6 10. Bd3 d5 11. Bf5 dxc4 12. Bxe6 Qxe6 13. 0-0 Nbd7 14. Rb1 Bb6 15. Na4 Bc7 16. b3 b5 17. Nc3 cxb3 18. Rxb3 Nc5 19. Rb1 Bb6 20. d3 Rfd8 21. Rd1 h5 22. h3 h4 23. Nge2 Qf5 24. e4 Qg6 25. Be3 Ne6 26. Bxb6 axb6 27. a4 Nh5 28. axb5 Nef4 29. Nxf4 Nxf4 30. f3 cxb5 31. Nd5 Nxd5 32. exd5 Rxd5 33. Rb4 Rad8 34. Re4 Qd6 35. Qb3 Qc5+ 36. Kh2 Rd4 37. Rb1 b4 38. Qb2 R8d6 39. Rc1 Qd5 40. Rc8+ Rd8 41. Rxd4 exd4 42. Rc4 Qe5+ 43. Kh1 Qe1+ 44. Kh2 Re8 45. Rc1 Qg3+ 46. Kh1 Re1+ 47. Rxe1 Qxe1+ 48. Kh2 Qc3 49. Qe2 Qc7+ 50. Kh1 Qc1+ 51. Kh2 Qf4+ 52. Kh1 b3 53. Qb2 b5 54. Qxb3 Qe5 55. Qb4 g6 56. Qa5 Kg7 57. Qb4 Qd5 58. Kg1 Qe5 59. Kh1 g5 60. Qa5 Qc5 61. Kh2 Kg6 62. Kh1 Kf5 63. Kh2 f6 64. Kh1 Kg6 65. Kh2 Qd6+ 66. Kh1 b4 67. Qb5 Qe7 68. Qc4 Qe1+ 69. Kh2 Qe5+ 70. Kh1 Qe1+ 71. Kh2 Qg3+ 72. Kh1 Qd6 73. Qg8+ Kf5 74. Qc4 Kf4 75. Qc1+ Ke5 76. Qc4 Qb6 77. Qb3 Qc5 78. Qf7 Qb6 79. Qe7+ Kd5 80. Qd7+ Kc5 81. Qe7+ Kb5 82. Qd7+ Qc6 83. Qf7 Kb6 84. Qg8 Qd6 85. Qc4 Ka5 86. Qa2+ Kb5 87. Qc4+ Kb6 88. Qg8 Qc6 89. Qd8+ Kb5 90. Qg8 Qc1+ 91. Kh2 Ka4 92. Qa8+ Kb3 93. Qd5+ Kb2 94. Qxd4+ Qc3 95. Qb6 Qe5+ 96. Kh1 Qe1+ 97. Kh2 Qe5+ 98. Kh1 b3 99. d4 Qe1+ 100. Kh2 Qd2 101. Qxf6 Ka2 102. Qa6+ Kb1 103. Qf1+ Kb2 104. Qb5 Qf4+ 105. Kh1 Qc1+ 106. Kh2 Qf4+ 107. Kh1 Qxd4 108. Qxg5 Kc2 109. Qf5+ Kc1 110. Qg5+ Qd2 111. Qc5+ Kd1 112. Kh2 Qf4+ 113. Kh1 b2 114. Qd5+ Qd2 115. Qb3+ Qc2 116. Qd5+ Ke1 117. Qe6+ Kf1 118. Qa6+ Qe2 119. Qg6 Qd1 120. Kh2 b1Q 121. Qg5 Qb8+ 122. f4 Qd2 0-1

[Event "ESP-ch rapid"]
[Site "Linares"]
[Date "2019.08.24"]
[Round "3"]
[White "Ljubojevic, Ljubomir"]
[Black "Marino Bravo, Miguel Angel"]
[Result "1-0"]
[WhiteElo "2571"]
[BlackElo "2165"]
[PlyCount "107"]
[EventDate "2019.08.24"]
[EventType "swiss (rapid)"]
[EventRounds "9"]
[EventCountry "ESP"]
[SourceTitle "EXT 2020"]
[Source "ChessBase"]
[SourceDate "2019.10.17"]
[SourceVersion "1"]
[SourceVersionDate "2019.10.17"]
[SourceQuality "1"]

1. c4 e5 2. Nc3 Nc6 3. g3 Bb4 4. Bg2 d6 5. Nd5 Bc5 6. e3 Nf6 7. a3 Nxd5 8. cxd5 Ne7 9. b4 Bb6 10. Bb2 0-0 11. Ne2 Bd7 12. f4 Bb5 13. Qb3 Bxe2 14. Kxe2 f6 15. Bh3 Qe8 16. Be6+ Kh8 17. Raf1 Qb5+ 18. Qd3 Qxd3+ 19. Kxd3 c6 20. e4 c5 21. Kc4 Rfe8 22. fxe5 fxe5 23. bxc5 Bxc5 24. Bxe5 b5+ 25. Kxb5 Rab8+ 26. Kc4 Bxa3 27. Bc3 Bb2 28. Rb1 Bxc3 29. Rxb8 Rxb8 30. Kxc3 a5 31. Ra1 Ra8 32. Ra4 g6 33. Kc4 Kg7 34. Kb5 Kf6 35. d4 Rb8+ 36. Kc4 Rb2 37. h4 Re2 38. Kd3 Rg2 39. g4 g5 40. h5 Rg3+ 41. Ke2 Rg2+ 42. Kf3 Rd2 43. Ke3 Rg2 44. Rxa5 Rg3+ 45. Ke2 Rg2+ 46. Kf3 Rd2 47. Ke3 Rd1 48. Ra8 Re1+ 49. Kf3 h6 50. Rd8 Rd1 51. Ke3 Re1+ 52. Kd3 Rd1+ 53. Kc3 Re1 54. Rxd6 1-0

[Event "ESP-ch rapid"]
[Site "Linares"]
[Date "2019.08.24"]
[Round "9"]
[White "Ljubojevic, Ljubomir"]
[Black "Suarez Gomez, Julio"]
[Result "0-1"]
[WhiteElo "2571"]
[BlackElo "2433"]
[PlyCount "92"]
[EventDate "2019.08.24"]
[EventType "swiss (rapid)"]
[EventRounds "9"]
[EventCountry "ESP"]
[SourceTitle "EXT 2020"]
[Source "ChessBase"]
[SourceDate "2019.10.17"]
[SourceVersion "1"]
[SourceVersionDate "2019.10.17"]
[SourceQuality "1"]

1. c4 Nf6 2. Nc3 e5 3. g3 c6 4. d4 e4 5. Bg5 Bb4 6. Qb3 Bxc3+ 7. Qxc3 h6 8. Bxf6 Qxf6 9. Bg2 Qe7 10. Nh3 0-0 11. Nf4 d6 12. d5 c5 13. h4 Nd7 14. Rc1 Nf6 15. h5 Re8 16. Rh4 Bd7 17. b3 a6 18. Bh3 b5 19. Kf1 b4 20. Qb2 a5 21. Kg2 a4 22. Rb1 axb3 23. axb3 Ra3 24. Qc2 Rea8 25. Bxd7 Qxd7 26. Rhh1 Qf5 27. Rb2 Ng4 28. Rhb1 Qe5 29. Qd1 Nf6 30. e3 Qf5 31. Qe2 Nh7 32. g4 Qe5 33. Nh3 Nf6 34. Nf4 Qg5 35. Kh3 Nd7 36. Ng2 Ne5 37. Nh4 Ra1 38. Ng2 Rxb1 39. Rxb1 Ra2 40. f4 exf3 41. Qxa2 Qxg4+ 42. Kh2 fxg2 43. Kg1 Nf3+ 44. Kf2 g1Q+ 45. Rxg1 Nxg1 46. Qa8+ Kh7 0-1

[Event "ESP-ch rapid"]
[Site "Linares"]
[Date "2019.08.24"]
[Round "8"]
[White "Perez Perez, Gabriel"]
[Black "Ljubojevic, Ljubomir"]
[Result "0-1"]
[WhiteElo "2105"]
[BlackElo "2571"]
[PlyCount "84"]
[EventDate "2019.08.24"]
[EventType "swiss (rapid)"]
[EventRounds "9"]
[EventCountry "ESP"]
[SourceTitle "EXT 2020"]
[Source "ChessBase"]
[SourceDate "2019.10.17"]
[SourceVersion "1"]
[SourceVersionDate "2019.10.17"]
[SourceQuality "1"]

1. e4 c5 2. Nf3 Nc6 3. d4 cxd4 4. Nxd4 g6 5. c4 Bg7 6. Be3 Nf6 7. Nc3 Ng4 8. Qxg4 Nxd4 9. Qd1 Ne6 10. Qd2 h5 11. Bd3 b6 12. 0-0 Bb7 13. f4 Rc8 14. f5 gxf5 15. exf5 Nc5 16. Be2 Rg8 17. Bf3 Qc7 18. Rae1 Be5 19. h3 Bxf3 20. Rxf3 Bxc3 21. Qxc3 Qc6 22. Bd4 e6 23. fxe6 dxe6 24. Ref1 f5 25. b3 Ne4 26. Qe3 Rg6 27. Qf4 Rd8 28. Qe5 Kd7 29. Be3 Rdg8 30. Qb2 Rxg2+ 31. Qxg2 Rxg2+ 32. Kxg2 Qd6 33. Bc1 Kc6 34. Re1 Qd4 35. Rfe3 h4 36. Rf3 Kb7 37. Rfe3 a5 38. Rf3 Ka6 39. Rfe3 e5 40. R1e2 Ng3 41. Rf2 f4 42. Ref3 Qd1 0-1

[Event "ESP-ch rapid"]
[Site "Linares"]
[Date "2018.08.19"]
[Round "5"]
[White "Cruz Lledo, Pablo"]
[Black "Ljubojevic, Ljubomir"]
[Result "1-0"]
[WhiteElo "2432"]
[BlackElo "2571"]
[PlyCount "95"]
[EventDate "2018.08.19"]
[EventType "swiss (rapid)"]
[EventRounds "9"]
[EventCountry "ESP"]
[SourceTitle "CBM 186 Extra"]
[Source "ChessBase"]
[SourceDate "2018.08.24"]
[SourceVersion "1"]
[SourceVersionDate "2018.08.24"]
[SourceQuality "1"]

1. d4 Nf6 2. c4 e6 3. Nc3 Bb4 4. e3 0-0 5. Bd3 d5 6. cxd5 exd5 7. Nge2 Re8 8. 0-0 Bd6 9. Ng3 c5 10. Nb5 Bf8 11. dxc5 Nc6 12. Nd6 Bxd6 13. cxd6 Qxd6 14. b3 Bg4 15. Qd2 Rad8 16. f3 Bc8 17. Bb2 Qb4 18. Qf2 Ne5 19. Rad1 Qa5 20. a3 Qb6 21. b4 Bd7 22. Bd4 Qc7 23. Rfe1 Qd6 24. Bb1 Qa6 25. Bb2 Ba4 26. Rc1 Bb5 27. Nf5 Bd3 28. Nxg7 Nfg4 29. Qg3 Kxg7 30. Qxg4+ Kf8 31. Bxe5 Rxe5 32. Qd4 Bxb1 33. Qxe5 Bg6 34. Qh8+ Ke7 35. Rc7+ Rd7 36. Qe5+ Qe6 37. Rxd7+ Kxd7 38. Qxe6+ fxe6 39. Rc1 Bd3 40. Kf2 Bc4 41. e4 Kc6 42. Ke3 Kb5 43. Kd4 Ka4 44. Rxc4 dxc4 45. Kxc4 Kxa3 46. f4 Ka4 47. f5 b5+ 48. Kc3 1-0

[Event "Platja d'Aro Legends blitz"]
[Site "Platja d'Aro"]
[Date "2018.06.30"]
[Round "11"]
[White "Vaisser, Anatoli"]
[Black "Ljubojevic, Ljubomir"]
[Result "1/2-1/2"]
[WhiteElo "2502"]
[BlackElo "2571"]
[PlyCount "106"]
[EventDate "2018.06.29"]
[EventType "tourn (blitz)"]
[EventRounds "12"]
[EventCountry "ESP"]
[EventCategory "12"]
[SourceTitle "CBM 185 Extra"]
[Source "ChessBase"]
[SourceDate "2018.07.29"]
[SourceVersion "1"]
[SourceVersionDate "2018.07.29"]
[SourceQuality "1"]

1. d4 Nf6 2. c4 e6 3. Nc3 Bb4 4. e3 0-0 5. Bd3 d5 6. Nf3 c5 7. cxd5 exd5 8. dxc5 Nbd7 9. 0-0 Nxc5 10. Ne2 Nce4 11. h3 Qd6 12. a3 Ba5 13. b4 Bc7 14. Bb2 Re8 15. Bd4 a6 16. Rc1 Bd7 17. Re1 Rac8 18. Nc3 Bxh3 19. Bxe4 dxe4 20. gxh3 exf3 21. Qxf3 Nd7 22. Ne4 Qg6+ 23. Ng3 h6 24. Kh1 Bxg3 25. Rxc8 Rxc8 26. Rg1 Qc6 27. Qxc6 Rxc6 28. Rxg3 f6 29. Rg4 Rc2 30. Kg2 Nb8 31. Re4 Kf7 32. Bc5 Nc6 33. h4 g5 34. hxg5 hxg5 35. Rg4 Ra2 36. b5 axb5 37. Kg3 Rc2 38. Bb4 Rc4 39. Rxc4 bxc4 40. Bc3 Ke6 41. Kf3 b5 42. Ke2 f5 43. f3 Ne7 44. e4 Nc6 45. exf5+ Kxf5 46. Ke3 Ne5 47. Bb4 Ke6 48. Ke4 Nd3 49. Bd2 Kf6 50. Kd5 Kf5 51. Kc6 Ne5+ 52. Kxb5 Nxf3 53. Bxg5 Ke5 1/2-1/2

[Event "Platja d'Aro Legends rapid"]
[Site "Platja d'Aro"]
[Date "2018.06.26"]
[Round "3"]
[White "Ljubojevic, Ljubomir"]
[Black "Vaisser, Anatoli"]
[Result "1/2-1/2"]
[WhiteElo "2571"]
[BlackElo "2502"]
[PlyCount "46"]
[EventDate "2018.06.25"]
[EventType "tourn (rapid)"]
[EventRounds "6"]
[EventCountry "ESP"]
[EventCategory "12"]
[SourceTitle "CBM 185 Extra"]
[Source "ChessBase"]
[SourceDate "2018.07.29"]
[SourceVersion "1"]
[SourceVersionDate "2018.07.29"]
[SourceQuality "1"]

1. d4 Nf6 2. Nf3 c5 3. d5 b5 4. Bg5 Qb6 5. a4 b4 6. e3 g6 7. a5 Qb7 8. Bxf6 exf6 9. Bc4 d6 10. Qd3 f5 11. Nbd2 Bg7 12. Bb5+ Kf8 13. Ra2 Bf6 14. 0-0 Kg7 15. c3 Bd7 16. Bxd7 Nxd7 17. Nc4 Qa6 18. Nfd2 Rab8 19. Rfa1 bxc3 20. bxc3 Rb7 21. Ra3 Rhb8 22. g3 Rb5 23. Kg2 Ne5 1/2-1/2

[Event "Platja d'Aro Legends blitz"]
[Site "Platja d'Aro"]
[Date "2017.07.01"]
[Round "3"]
[White "Karpov, Anatoly"]
[Black "Ljubojevic, Ljubomir"]
[Result "1/2-1/2"]
[WhiteElo "2626"]
[BlackElo "2571"]
[PlyCount "45"]
[EventDate "2017.07.01"]
[EventType "tourn (blitz)"]
[EventRounds "6"]
[EventCountry "ESP"]
[EventCategory "13"]
[SourceTitle "CBM 179 Extra"]
[Source "ChessBase"]
[SourceDate "2017.08.23"]
[SourceVersion "1"]
[SourceVersionDate "2017.08.23"]
[SourceQuality "1"]

1. d4 Nf6 2. c4 e6 3. Nf3 d5 4. Nc3 Be7 5. Bg5 h6 6. Bh4 0-0 7. e3 b6 8. Bxf6 Bxf6 9. cxd5 exd5 10. b4 c5 11. bxc5 bxc5 12. Qa4 Bd7 13. Bb5 cxd4 14. Nxd4 Bxd4 15. Qxd4 Bxb5 16. Nxb5 Qa5+ 17. Nc3 Nc6 18. Qd2 d4 19. Nd1 dxe3 20. Nxe3 Qa6 21. Qe2 Qa5+ 22. Qd2 Qa6 23. Qe2 1/2-1/2

[Event "Platja d'Aro Legends blitz"]
[Site "Platja d'Aro"]
[Date "2017.07.01"]
[Round "5"]
[White "Timman, Jan H"]
[Black "Ljubojevic, Ljubomir"]
[Result "1/2-1/2"]
[WhiteElo "2578"]
[BlackElo "2571"]
[PlyCount "80"]
[EventDate "2017.07.01"]
[EventType "tourn (blitz)"]
[EventRounds "6"]
[EventCountry "ESP"]
[EventCategory "13"]
[SourceTitle "CBM 179 Extra"]
[Source "ChessBase"]
[SourceDate "2017.08.23"]
[SourceVersion "1"]
[SourceVersionDate "2017.08.23"]
[SourceQuality "1"]

1. e4 c5 2. Nf3 Nc6 3. d4 cxd4 4. Nxd4 g6 5. c4 Bg7 6. Be3 Nf6 7. Nc3 Ng4 8. Qxg4 Nxd4 9. Qd1 Ne6 10. Qd2 h5 11. Rc1 b6 12. Be2 Bb7 13. f3 h4 14. 0-0 g5 15. Nd5 Be5 16. b4 Qb8 17. h3 f6 18. c5 bxc5 19. bxc5 Qc8 20. f4 gxf4 21. Nxf4 Bxe4 22. Bd3 Bxd3 23. Qxd3 Qc6 24. Ng6 Rg8 25. Nxh4 Bg3 26. Nf3 Bf4 27. Kh1 Rc8 28. Rc4 Bxe3 29. Qxe3 Qd5 30. Rfc1 Rc6 31. R4c2 Kf7 32. Rd2 Qf5 33. Rxd7 Rxc5 34. Rxc5 Qxc5 35. Qxc5 Nxc5 36. Rxa7 Rb8 37. Ra5 Nd3 38. Rd5 Nf4 39. Rd2 Ra8 40. Kh2 Ra3 1/2-1/2

[Event "Platja d'Aro Legends rapid"]
[Site "Platja d'Aro"]
[Date "2017.06.30"]
[Round "6"]
[White "Ribli, Zoltan"]
[Black "Ljubojevic, Ljubomir"]
[Result "1/2-1/2"]
[WhiteElo "2526"]
[BlackElo "2571"]
[PlyCount "31"]
[EventDate "2017.06.27"]
[EventType "tourn (rapid)"]
[EventRounds "6"]
[EventCountry "ESP"]
[EventCategory "13"]
[SourceTitle "CBM 179 Extra"]
[Source "ChessBase"]
[SourceDate "2017.08.23"]
[SourceVersion "1"]
[SourceVersionDate "2017.08.23"]
[SourceQuality "1"]

1. Nf3 d5 2. d4 Nf6 3. c4 c6 4. Nc3 e6 5. e3 Nbd7 6. Qc2 Bd6 7. Bd3 0-0 8. 0-0 e5 9. cxd5 cxd5 10. e4 exd4 11. Nxd5 Nxd5 12. exd5 h6 13. Nxd4 Nf6 14. Nf5 Nxd5 15. Nxd6 Qxd6 16. Be4 1/2-1/2

[Event "ESP-ch rapid"]
[Site "Linares"]
[Date "2016.08.14"]
[Round "5"]
[White "Alvarado Diaz, Alejandro"]
[Black "Ljubojevic, Ljubomir"]
[Result "0-1"]
[WhiteElo "2441"]
[BlackElo "2571"]
[PlyCount "85"]
[EventDate "2016.08.14"]
[EventType "swiss (rapid)"]
[EventRounds "9"]
[EventCountry "ESP"]
[SourceTitle "CBM 173 Extra"]
[Source "ChessBase"]
[SourceDate "2016.08.29"]
[SourceVersion "1"]
[SourceVersionDate "2016.08.29"]
[SourceQuality "1"]

1. g3 d5 2. Bg2 e5 3. d4 e4 4. Nh3 Bd6 5. c4 c6 6. Nc3 Ne7 7. 0-0 0-0 8. Qb3 dxc4 9. Qxc4 Be6 10. Qa4 f5 11. Ng5 Bf7 12. Nxf7 Rxf7 13. f3 exf3 14. Bxf3 Nd7 15. Bg5 Qb6 16. Kh1 Qxb2 17. Rfc1 Qb4 18. Qd1 Qa5 19. Rab1 Nb6 20. Bxe7 Bxe7 21. Qb3 Rd8 22. e3 Qa3 23. Qc2 Bg5 24. Rb3 Qe7 25. Nd1 Nd5 26. Rcb1 Qe6 27. a4 b6 28. a5 b5 29. Rc1 Rf6 30. Qd3 a6 31. Rc2 Re8 32. Re2 Qf7 33. Kg2 h5 34. Rbb2 h4 35. e4 fxe4 36. Bxe4 Rf8 37. Nc3 Ne3+ 38. Rxe3 Rf2+ 39. Kh3 Qd7+ 40. g4 Bxe3 41. Qxe3 Rxb2 42. d5 Rff2 43. Nb1 0-1

[Event "ESP-ch rapid"]
[Site "Linares"]
[Date "2015.08.22"]
[Round "6"]
[White "Moreno Trujillo, Alejandro"]
[Black "Ljubojevic, Ljubomir"]
[Result "0-1"]
[WhiteElo "2499"]
[BlackElo "2571"]
[PlyCount "122"]
[EventDate "2015.08.22"]
[EventType "swiss (rapid)"]
[EventRounds "9"]
[EventCountry "ESP"]
[SourceTitle "EXT 2016"]
[Source "ChessBase"]
[SourceDate "2015.10.08"]
[SourceVersion "1"]
[SourceVersionDate "2015.10.08"]
[SourceQuality "1"]

1. d4 Nf6 2. Nf3 e6 3. Bf4 c5 4. e3 Nc6 5. c3 a6 6. Nbd2 d5 7. Bd3 b5 8. Ne5 Nxe5 9. dxe5 Nd7 10. 0-0 Bb7 11. e4 c4 12. Bc2 Nc5 13. Qe2 d4 14. cxd4 Qxd4 15. b3 Nd3 16. Be3 Qc3 17. Nf3 Nb4 18. Rac1 Nxc2 19. Rxc2 Qd3 20. Qxd3 cxd3 21. Rc7 Bxe4 22. Rfc1 Be7 23. Nd2 Bg6 24. Bb6 Bd8 25. R7c6 Bxb6 26. Rxb6 0-0 27. f3 h6 28. Kf2 Rfd8 29. Rc5 Rdb8 30. Rd6 a5 31. a3 b4 32. a4 Rc8 33. Rdc6 Rxc6 34. Rxc6 Rd8 35. Rc5 f6 36. Rxa5 Rc8 37. Nc4 d2 38. Nxd2 Rc2 39. Ke2 Rc3 40. Rb5 Bd3+ 41. Kd1 Bxb5 42. axb5 Rc5 43. exf6 gxf6 44. b6 Rb5 45. Nc4 Kf8 46. Kd2 Ke7 47. Kd3 Kd7 48. f4 Rd5+ 49. Ke2 Kc6 50. g3 Rd8 51. h3 Ra8 52. Kd3 Ra1 53. Nd2 Kxb6 54. Kc4 Ka5 55. Kc5 Rh1 56. h4 Rg1 57. Nc4+ Ka6 58. Kxb4 Rxg3 59. Kc5 Rxb3 60. Kd6 Rb4 61. Ne3 Rxf4 0-1

[Event "ESP-ch rapid"]
[Site "Linares"]
[Date "2015.08.22"]
[Round "9"]
[White "Ortega Ruiz, Jose Miguel"]
[Black "Ljubojevic, Ljubomir"]
[Result "1/2-1/2"]
[WhiteElo "2300"]
[BlackElo "2571"]
[PlyCount "120"]
[EventDate "2015.08.22"]
[EventType "swiss (rapid)"]
[EventRounds "9"]
[EventCountry "ESP"]
[SourceTitle "EXT 2016"]
[Source "ChessBase"]
[SourceDate "2015.10.08"]
[SourceVersion "1"]
[SourceVersionDate "2015.10.08"]
[SourceQuality "1"]

1. d4 Nf6 2. c4 e6 3. Nf3 b6 4. g3 Bb7 5. Bg2 Bb4+ 6. Bd2 Be7 7. Bf4 0-0 8. 0-0 Qc8 9. Nc3 Ne4 10. Qc2 Nxc3 11. Qxc3 c5 12. d5 exd5 13. cxd5 Bxd5 14. Qe5 Be6 15. e4 Nc6 16. Qh5 f6 17. Rfd1 Qe8 18. Qxe8 Rfxe8 19. Bf1 g5 20. Be3 Nb4 21. b3 Nc2 22. Rac1 Nxe3 23. fxe3 a6 24. Bc4 b5 25. Bxe6+ dxe6 26. Rd7 g4 27. Ne1 Rad8 28. Rcd1 Rxd7 29. Rxd7 Kf7 30. Ra7 Rd8 31. Rxa6 Rd1 32. Kf2 Rd2+ 33. Kf1 Rxh2 34. Ng2 Rh1+ 35. Ke2 Ra1 36. Nf4 c4 37. bxc4 b4 38. Ra4 Rc1 39. Ra6 Rc2+ 40. Kd3 Rc3+ 41. Kd2 Rxc4 42. Rxe6 Bc5 43. Ra6 Rxe4 44. Nd5 Re5 45. Nxf6 h5 46. Kd3 Rxe3+ 47. Kc4 Rc3+ 48. Kd5 Be7 49. Ne4 Rf3 50. Ke5 Ra3 51. Rxa3 bxa3 52. Kf5 Kg7 53. Ke6 Bb4 54. Kf5 Kh6 55. Nf6 Bd6 56. Ne4 Bc7 57. Nf6 Bxg3 58. Nxg4+ Kg7 59. Ne3 Bd6 60. Ke4 Bf8 1/2-1/2

[Event "ESP-ch rapid"]
[Site "Linares"]
[Date "2013.08.26"]
[Round "4"]
[White "Ljubojevic, Ljubomir"]
[Black "Cuenca Jimenez, Jose Fernando"]
[Result "1-0"]
[WhiteElo "2571"]
[BlackElo "2477"]
[PlyCount "83"]
[EventDate "2013.08.26"]
[EventType "swiss (rapid)"]
[EventRounds "9"]
[EventCountry "ESP"]
[SourceTitle "CBM 156 Extra"]
[Source "ChessBase"]
[SourceDate "2013.10.22"]
[SourceVersion "1"]
[SourceVersionDate "2013.10.22"]
[SourceQuality "1"]

1. Nf3 Nf6 2. c4 g6 3. Nc3 Bg7 4. e4 d6 5. d4 0-0 6. Be2 Na6 7. 0-0 e5 8. Be3 Ng4 9. Bg5 Qe8 10. h3 f6 11. Bc1 Nh6 12. Re1 c6 13. Bf1 Nf7 14. Rb1 c5 15. dxc5 dxc5 16. a3 f5 17. b4 b6 18. Nd5 cxb4 19. axb4 fxe4 20. Ng5 Nxg5 21. Bxg5 Qf7 22. Qd2 Be6 23. Rb2 Nb8 24. Ne7+ Kh8 25. Rxe4 Nd7 26. Nd5 Bf5 27. Re3 e4 28. g4 Be6 29. Rxe4 Ne5 30. Rb3 Bxd5 31. cxd5 Nf3+ 32. Rxf3 Qxf3 33. Bg2 Qb3 34. d6 a5 35. bxa5 bxa5 36. d7 a4 37. Re7 a3 38. Bxa8 a2 39. Re1 Qb1 40. d8Q Qxe1+ 41. Qxe1 Rxd8 42. Bxd8 1-0

[Event "ESP-ch rapid"]
[Site "Linares"]
[Date "2013.08.26"]
[Round "1"]
[White "Rodriguez Garcia, Manuel Francisco"]
[Black "Ljubojevic, Ljubomir"]
[Result "0-1"]
[WhiteElo "2161"]
[BlackElo "2571"]
[PlyCount "48"]
[EventDate "2013.08.26"]
[EventType "swiss (rapid)"]
[EventRounds "9"]
[EventCountry "ESP"]
[SourceTitle "CBM 156 Extra"]
[Source "ChessBase"]
[SourceDate "2013.10.22"]
[SourceVersion "1"]
[SourceVersionDate "2013.10.22"]
[SourceQuality "1"]

1. d4 Nf6 2. c4 e6 3. g3 d5 4. Nf3 dxc4 5. Bg2 Bb4+ 6. Bd2 a5 7. Qc2 Qd5 8. a3 Bxd2+ 9. Nbxd2 Nc6 10. 0-0 Nxd4 11. Nxd4 Qxd4 12. Nxc4 0-0 13. Rfd1 Qa7 14. Ne5 Qb8 15. Rac1 c6 16. Nc4 Qc7 17. Qc3 Bd7 18. e4 Rfd8 19. Qe3 Be8 20. h4 h6 21. Rd7 b5 22. Rcd1 c5 23. Kh2 Nxd7 24. f4 Nb8 0-1

[Event "Leon Champions League"]
[Site "Leon"]
[Date "2011.12.18"]
[Round "6"]
[White "Ljubojevic, Ljubomir"]
[Black "Juez Villar, Erik"]
[Result "1-0"]
[WhiteElo "2571"]
[BlackElo "1924"]
[PlyCount "54"]
[EventDate "2011.12.16"]
[EventType "team-tourn"]
[EventRounds "9"]
[EventCountry "ESP"]
[SourceTitle "CBM 145 Extra"]
[Source "ChessBase"]
[SourceDate "2012.01.03"]
[SourceVersion "1"]
[SourceVersionDate "2012.01.03"]
[SourceQuality "1"]
[WhiteTeam "Maestros"]
[BlackTeam "Team 7"]
[WhiteTeamCountry "ESP"]
[BlackTeamCountry "ESP"]

1. d4 Nf6 2. c4 e6 3. Nc3 Bb4 4. Nf3 b6 5. Qc2 Bb7 6. a3 Bxc3+ 7. Qxc3 Ne4 8. Qc2 0-0 9. e3 d6 10. b4 a5 11. Bd3 f5 12. Bb2 Nd7 13. 0-0 Qe7 14. d5 exd5 15. cxd5 Ndf6 16. Nd4 Bxd5 17. f3 Ng5 18. Nxf5 Qf7 19. Rac1 axb4 20. axb4 c5 21. Nxd6 Qe6 22. Nf5 cxb4 23. e4 Bb3 24. Qd2 Nf7 25. Qxb4 Ra7 26. Bb5 Ba2 27. Rc6 Qb3 1-0

[Event "Amsterdam NH Hotels 5th"]
[Site "Amsterdam"]
[Date "2010.08.21"]
[Round "9"]
[White "So, Wesley"]
[Black "Ljubojevic, Ljubomir"]
[Result "1/2-1/2"]
[WhiteElo "2674"]
[BlackElo "2572"]
[PlyCount "134"]
[EventDate "2010.08.12"]
[EventType "schev"]
[EventRounds "10"]
[EventCountry "NED"]
[SourceTitle "CBM 138"]
[Source "ChessBase"]
[SourceDate "2010.09.17"]
[SourceVersion "1"]
[SourceVersionDate "2010.09.17"]
[SourceQuality "1"]

1. d4 d5 2. c4 e6 3. Nf3 Nf6 4. g3 Be7 5. Bg2 0-0 6. 0-0 dxc4 7. Ne5 Qd6 8. Na3 Rd8 9. Naxc4 Qa6 10. Qb3 Rxd4 11. Bf4 Nbd7 12. Rac1 c6 13. Rfd1 Rxd1+ 14. Rxd1 h6 15. e4 Nb6 16. Nd6 Bxd6 17. Rxd6 Bd7 18. g4 Qa5 19. Qd1 Be8 20. h4 g5 21. hxg5 hxg5 22. Bg3 Qxa2 23. Qd2 Qb1+ 24. Kh2 Nxe4 25. Bxe4 Qxe4 26. Qxg5+ Kf8 27. Qh6+ Kg8 28. Qg5+ Kf8 29. Rd8 Rxd8 30. Qxd8 Qh7+ 31. Bh4 Qh8 32. f4 Nd5 33. Kg3 Kg7 34. Nf3 c5 35. f5 Qf8 36. Qg5+ Kh7 37. fxe6 fxe6 38. Qe5 Bd7 39. Qh5+ Kg8 40. Qg5+ Qg7 41. Qd8+ Kh7 42. Qb8 Qxb2 43. Qd6 Qg7 44. Qxc5 Bc6 45. Qxa7 Qc7+ 46. Kf2 Nc3 47. Qd4 Ne4+ 48. Ke3 Qa5 49. Kf4 Qa3 50. Ng5+ Nxg5 51. Bxg5 Qf3+ 52. Ke5 Kg6 53. Bd8 Qe2+ 54. Kd6 e5 55. Qb6 e4 56. Qd4 Qf3 57. Qh8 Qf4+ 58. Kc5 Qe3+ 59. Kd6 Qg3+ 60. Kc5 Qg1+ 61. Kd6 Qd1+ 62. Kc5 Qg1+ 63. Kd6 Qg3+ 64. Kc5 Qf2+ 65. Kd6 Qf4+ 66. Kc5 Qf2+ 67. Kd6 Qg3+ 1/2-1/2